000
003190000a22001450004500
003
MACL
040
_a
MACL
090
_c
33846
_d
33844
100
_a
Agarwal, Dr P K
245
_a
Screening Plus Physics
260
_b
Krishna Prakashan Media P Ltd
_c
2002
350
_a
130
650
_a
Physics
942
_c
BOOK
_k
530/AGR
999
_c
33491
_d
33491